Historia de Concepción: organización colonial y economía agraria, 1600-1650
שמור ב:
| מחבר ראשי: | |
|---|---|
| פורמט: | ספר |
| שפה: | ספרדית |
| יצא לאור: |
Temuco, Chile
Universidad de La Frontera
1998
|
| נושאים: | |
| תגים: |
הוספת תג
אין תגיות, היה/י הראשונ/ה לתייג את הרשומה!
|
MARC
| LEADER | 00000cam a2200000 a 4500 | ||
|---|---|---|---|
| 001 | UCO4022 | ||
| 003 | CL-VaPUC | ||
| 005 | 20210804001431.0 | ||
| 008 | 000728e19980000CL |||||||||||||||||spa|d | ||
| 999 | |c 290109 |d 290107 | ||
| 040 | |c Pontificia Universidad Católica de Valparaíso | ||
| 082 | 0 | 4 | |a 983.39 INO 1998 |2 21 |
| 100 | |a Inostroza Córdova, Luis Iván |e author |9 601471 | ||
| 245 | 1 | 0 | |a Historia de Concepción: |b organización colonial y economía agraria, 1600-1650 |
| 260 | |a Temuco, Chile |b Universidad de La Frontera |c 1998 | ||
| 300 | |a 131 páginas | ||
| 583 | |a last modification |c 20120830 10:12:01 |k Rodrigo Vera | ||
| 650 | 0 | |a Ciudades |y 1600-1650 |z CONCEPCION |9 265474 | |
| 650 | 7 | |a HISTORIA DE CHILE |2 CL-VaPUC |9 448112 |y 1600-1650 | |
| 650 | 7 | |a PERIODO COLONIAL |2 CL-VaPUC |9 448113 |z CONCEPCION |z CHILE | |
| 852 | |a BIBCUR | ||
| 942 | |c BK |2 ddc | ||
| 945 | |d 20000728 00:00:00 |a crobeson | ||
| 952 | |0 0 |1 0 |2 ddc |4 0 |6 983_390000000000000_INO_1998 |7 0 |8 A |9 339323 |a BIBHIS |b BIBHIS |d 2019-11-20 |i 1203053 |l 1 |o 983.39 INO 1998 |p 1203053 |r 2025-01-20 |s 2023-06-16 |t 1 |w 2019-11-20 |y BK |k HIS | ||
| 952 | |0 0 |1 0 |2 ddc |4 0 |6 983_390000000000000_INO_1998 |7 0 |8 A |9 339324 |a BIBHIS |b BIBHIS |d 2019-11-20 |i 3854868 |o 983.39 INO 1998 |p 3854868 |r 2025-01-20 |t 2 |w 2019-11-20 |y BK |k HIS | ||
| 952 | |0 0 |1 0 |2 ddc |4 0 |6 983_390000000000000_INO_1998 |7 0 |8 A |9 339325 |a BIBHIS |b BIBHIS |d 2019-11-20 |i 4819322 |o 983.39 INO 1998 |p 4819322 |r 2025-01-20 |t 3 |w 2019-11-20 |y BK |k HIS | ||